| 000 | 00552nam a2200181Ia 4500 | ||
|---|---|---|---|
| 008 | 090124s9999 xx 000 0 und d | ||
| 082 | _b8555 | ||
| 100 | _aकुलकर्णी गोपालदत्त | ||
| 245 | _a विराट | ||
| 250 | _a1 | ||
| 260 |
_bसुरस प्रकाशन _c1974 |
||
| 300 | _a81+3 | ||
| 600 | _aकुलकर्णी गोपालदत्त | ||
| 630 | _a विराट | ||
| 700 | _aकुलकर्णी गोपालदत्त | ||
| 730 | _a विराट | ||
| 942 | _cBOOK | ||
| 999 |
_c84811 _d84811 |
||